[Event "94th FRA-ch Women 2019"]
[Site "Chartres"]
[Date "2019.08.18"]
[Round "2.3"]
[White "Guichard, Pauline"]
[Black "Monpeurt, Cyrielle"]
[Result "1/2-1/2"]
[WhiteElo "2405"]
[BlackElo "2171"]
[Annotator "NA"]
[PlyCount "106"]
[EventDate "2019.08.17"]
[EventType "tourn"]
[EventCountry "FRA"]
[SourceTitle "playchess.com"]
[Source "ChessBase"]
[SourceQuality "1"]
[TimeControl "40/5400+30:1800+30"]

1. c4 {[%emt 0:00:00]} c6 {[%emt 0:00:00]} 2. g3 {[%emt 0:00:00]} d5 {[%emt 0:00:11]} 3. Nf3 {[%emt 0:00:07]} Nf6 {[%emt 0:00:30]} 4. Bg2 {[%emt 0:00:24]} Bg4 {[%emt 0:00:19]} 5. Ne5 {[%emt 0:03:28]} Be6 {[%emt 0:00:51]} 6. cxd5 {[%emt 0:00:31]} Bxd5 {[%emt 0:00:08]} 7. Nf3 {[%emt 0:00:09]} c5 {[%emt 0:00:10]} 8. Nc3 {[%emt 0:00:36] A11: English Opening: 1...c6} Bc6 {[%emt 0:00:18]} 9. O-O {[%emt 0:00:38]} e6 {[%emt 0:02:27]} 10. Re1 {[%emt 0:01:05]} (10. Qc2 Be7 11. Rd1 O-O 12. d4 cxd4 13. Nxd4 Bxg2 14. Kxg2 Nbd7 15. Bg5 {½-½ (15) Svidler,P (2765)-Karjakin,S (2760) Riadh 2017}) 10... Nbd7 {[%emt 0:05:27]} 11. e4 {[%emt 0:01:55]} Be7 {[%emt 0:02:21]} 12. d4 {[%emt 0:00:45]} Nb6 {[%emt 0:18:01]} 13. a4 $146 {[%emt 0:12:04]} ({Predecessor:} 13. Bg5 O-O {0-1 (45) Horvath,D (2286)-Laza,S (2168) Zalakaros 2016}) 13... a5 {[%emt 0:09:29]} 14. Bg5 {[%emt 0:16:55]} cxd4 {[%emt 0:11:17]} 15. Nxd4 {[%emt 0:01:51]} Rc8 {[%emt 0:00:05]} 16. Nxc6 {[%emt 0:02:24]} Qxd1 {[%emt 0:02:36]} 17. Raxd1 {[%emt 0:01:41]} bxc6 {[%emt 0:00:04]} 18. Bf1 {[%emt 0:05:26]} Bb4 {[%emt 0:04:05]} 19. Ba6 {[%emt 0:05:03]} Rc7 {[%emt 0:01:25]} 20. Be3 {[%emt 0:04:11]} Nbd7 {[%emt 0:02:29]} 21. f3 {[%emt 0:02:32]} Ke7 $11 {[%emt 0:04:28]} 22. Rc1 {[%emt 0:04:21]} Rb8 {[%emt 0:02:10]} 23. Be2 {[%emt 0:10:13]} Bc5 {[%emt 0:06:23]} 24. Bxc5+ {[%emt 0:00:30]} Nxc5 {[%emt 0:00:30]} 25. Rc2 {[%emt 0:00:03]} Rcb7 {[%emt 0:01:56]} 26. Rb1 {[%emt 0:01:23]} Nb3 {[%emt 0:04:11]} 27. Bf1 {[%emt 0:10:50]} Nd4 {[%emt 0:00:33]} 28. Rf2 {[%emt 0:00:05]} e5 {[%emt 0:01:07]} 29. Bc4 {[%emt 0:04:38]} Rb4 {[%emt 0:01:10]} 30. Ba2 {[%emt 0:00:23]} Nd7 {[%emt 0:01:13]} 31. f4 {[%emt 0:00:32]} f6 {[%emt 0:00:35]} 32. Kg2 {[%emt 0:01:31]} R8b7 {[%emt 0:06:07]} 33. h4 {[%emt 0:00:17]} h6 {[%emt 0:00:24]} 34. Kh3 {[%emt 0:00:32]} Rb8 {[%emt 0:02:37]} 35. Kg4 {[%emt 0:00:51]} R8b7 {[%emt 0:01:35]} 36. Kh5 {[%emt 0:01:08]} Ke8 {[%emt 0:03:41]} 37. Rd2 {[%emt 0:03:51]} f5 {[%emt 0:03:51]} 38. exf5 {[%emt 0:02:51]} Nf6+ {[%emt 0:01:25]} 39. Kg6 {[%emt 0:00:06]} exf4 {[%emt 0:01:17]} 40. Re1+ {[%emt 0:02:51]} Kf8 {[%emt 0:00:32]} 41. gxf4 {[%emt 0:03:06]} Rxb2 {[%emt 0:03:52]} 42. Red1 {[%emt 0:06:23]} Rxd2 {[%emt 0:14:27]} 43. Rxd2 {[%emt 0:00:05]} Rd7 {[%emt 0:00:02]} 44. Rb2 {[%emt 0:01:09]} Rd6 {[%emt 0:03:59]} 45. Rb8+ {[%emt 0:05:47]} Ne8+ {[%emt 0:00:05]} 46. Be6 {[%emt 0:00:04]} Nxe6 {[%emt 0:00:14]} 47. fxe6 {[%emt 0:00:05]} Rxe6+ {[%emt 0:00:18]} 48. Kf5 {[%emt 0:00:09]} Rd6 {[%emt 0:02:33]} 49. Ne4 {[%emt 0:03:57]} Rd5+ {[%emt 0:00:57]} 50. Ke6 {[%emt 0:00:37]} Rd4 {[%emt 0:00:47]} 51. Ke5 {[%emt 0:00:47]} Rd5+ {[%emt 0:02:40]} 52. Ke6 {[%emt 0:00:06]} Rd4 {[%emt 0:02:39]} 53. Ke5 {[%emt 0:00:06]} Rd5+ {[%emt 0:05:59]} 1/2-1/2

[Event "94th FRA-ch Women 2019"]
[Site "Chartres"]
[Date "2019.08.18"]
[Round "2.4"]
[White "Thomas, Anysia"]
[Black "Broly, Mathilde"]
[Result "1-0"]
[WhiteElo "2158"]
[BlackElo "2177"]
[Annotator "NA"]
[PlyCount "111"]
[EventDate "2019.08.17"]
[EventType "tourn"]
[EventCountry "FRA"]
[SourceTitle "playchess.com"]
[Source "ChessBase"]
[SourceQuality "1"]
[TimeControl "40/5400+30:1800+30"]

1. d4 {[%emt 0:00:00]} Nf6 {[%emt 0:06:23]} 2. c4 {[%emt 0:00:00]} g6 {[%emt 0:00:47]} 3. Nc3 {[%emt 0:00:00]} d5 {[%emt 0:00:29]} 4. cxd5 {[%emt 0:00:03]} Nxd5 {[%emt 0:00:09]} 5. e4 {[%emt 0:00:03]} Nxc3 {[%emt 0:01:01]} 6. bxc3 {[%emt 0:00:05]} Bg7 {[%emt 0:00:23]} 7. Be3 {[%emt 0:00:45]} c5 {[%emt 0:02:42]} 8. Nf3 {[%emt 0:00:19]} Qa5 {[%emt 0:01:52]} 9. Qd2 {[%emt 0:00:20]} Nc6 {[%emt 0:00:54]} 10. Rb1 {[%emt 0:00:11]} a6 {[%emt 0:01:55]} 11. Rc1 {[%emt 0:00:15]} cxd4 {[%emt 0:12:58]} 12. cxd4 {[%emt 0:00:06]} Qxd2+ {[%emt 0:00:08]} 13. Kxd2 {[%emt 0:00:03]} O-O {[%emt 0:07:20]} 14. d5 {[%emt 0:00:22]} Ne5 {[%emt 0:03:41]} 15. Nxe5 {[%emt 0:10:05]} Bxe5 {[%emt 0:00:08]} 16. f4 {[%emt 0:00:04]} Bd6 {[%emt 0:04:25]} 17. Rb1 {[%emt 0:16:40]} b5 {[%emt 0:04:23]} 18. Be2 {[%emt 0:04:08]} Bc7 {[%emt 0:07:14]} 19. Bf3 {[%emt 0:03:45]} Bd7 {[%emt 0:08:50]} 20. Rhc1 {[%emt 0:03:50]} Rac8 {[%emt 0:02:26]} 21. Ke2 {[%emt 0:01:06]} e6 {[%emt 0:01:55]} 22. d6 {[%emt 0:07:55]} Bd8 {[%emt 0:04:20]} 23. e5 {[%emt 0:03:53]} f6 {[%emt 0:03:22]} 24. Rxc8 {[%emt 0:05:07]} Bxc8 {[%emt 0:00:06]} 25. Rc1 {[%emt 0:00:12]} Bd7 {[%emt 0:02:24]} 26. Bc6 {[%emt 0:03:51]} Rf7 {[%emt 0:01:49]} 27. Bxd7 {[%emt 0:02:23]} Rxd7 {[%emt 0:00:06]} 28. Rc8 {[%emt 0:00:08]} Kf7 {[%emt 0:01:09]} 29. Rb8 {[%emt 0:03:01]} g5 {[%emt 0:00:27]} 30. g3 {[%emt 0:02:48]} gxf4 {[%emt 0:00:55]} 31. gxf4 {[%emt 0:00:04]} fxe5 {[%emt 0:00:13]} 32. fxe5 {[%emt 0:00:05]} Kg6 {[%emt 0:00:24]} 33. Kd3 {[%emt 0:01:49]} Kf5 {[%emt 0:01:40]} 34. Bd4 {[%emt 0:00:27]} Kf4 {[%emt 0:01:52]} 35. Rc8 {[%emt 0:00:37]} h5 {[%emt 0:01:29]} 36. Rc1 {[%emt 0:01:05]} h4 {[%emt 0:01:26]} 37. Rf1+ {[%emt 0:00:35]} Kg4 {[%emt 0:04:33]} 38. Rg1+ {[%emt 0:14:16]} Kf5 {[%emt 0:00:19]} 39. Rg8 {[%emt 0:00:58]} Bg5 {[%emt 0:02:41]} 40. Rf8+ {[%emt 0:04:01]} Kg6 {[%emt 0:06:05]} 41. Ke4 {[%emt 0:34:18]} Bd8 {[%emt 0:07:59]} 42. Rg8+ {[%emt 0:00:00]} Kf7 {[%emt 0:01:36]} 43. Rg4 {[%emt 0:00:00]} Ke8 {[%emt 0:00:29]} 44. Rg6 {[%emt 0:00:00]} Kf7 {[%emt 0:00:50]} 45. Rh6 {[%emt 0:00:00]} Bg5 {[%emt 0:05:21]} 46. Rh7+ {[%emt 0:00:00]} Ke8 {[%emt 0:00:06]} 47. Rh8+ {[%emt 0:00:00]} Kf7 {[%emt 0:00:10]} 48. Ra8 {[%emt 0:00:00]} Kg7 {[%emt 0:04:14]} 49. Rxa6 {[%emt 0:00:00]} Kg6 {[%emt 0:00:26]} 50. Ra7 {[%emt 0:00:00]} Rd8 {[%emt 0:00:25]} 51. Be3 {[%emt 0:00:00]} Bxe3 {[%emt 0:01:12]} 52. Kxe3 {[%emt 0:00:00]} Kf5 {[%emt 0:00:15]} 53. Kd4 {[%emt 0:00:00]} Rc8 {[%emt 0:01:59]} 54. Rf7+ {[%emt 0:00:00]} Kg4 {[%emt 0:01:54]} 55. d7 {[%emt 0:00:00]} Rc1 {[%emt 0:00:06]} 56. Ke4 {[%emt 0:18:17]} 1-0

[Event "94th FRA-ch Women 2019"]
[Site "Chartres"]
[Date "2019.08.18"]
[Round "2.5"]
[White "Richard, Emma"]
[Black "Leconte, Maria"]
[Result "0-1"]
[WhiteElo "2104"]
[BlackElo "2252"]
[Annotator "NA"]
[PlyCount "64"]
[EventDate "2019.08.17"]
[EventType "tourn"]
[EventCountry "FRA"]
[SourceTitle "playchess.com"]
[Source "ChessBase"]
[SourceQuality "1"]
[TimeControl "40/5400+30:1800+30"]

1. e4 {[%emt 0:00:00]} e5 {[%emt 0:00:00]} 2. Nf3 {[%emt 0:00:00]} Nc6 {[%emt 0:00:00]} 3. Bb5 {[%emt 0:00:00]} a6 {[%emt 0:00:00]} 4. Ba4 {[%emt 0:00:00]} Nf6 {[%emt 0:00:12]} 5. O-O {[%emt 0:00:21]} Be7 {[%emt 0:01:02]} 6. d3 {[%emt 0:00:51]} d6 {[%emt 0:00:23]} 7. c3 {[%emt 0:00:18]} Bg4 {[%emt 0:00:20]} 8. h3 {[%emt 0:01:26]} Bh5 {[%emt 0:00:11]} 9. Re1 {[%emt 0:01:05]} Qd7 {[%emt 0:02:41]} 10. Nbd2 {[%emt 0:09:31]} g5 {[%emt 0:00:41]} 11. Bxc6 {[%emt 0:11:16]} bxc6 {[%emt 0:02:16]} 12. d4 {[%emt 0:11:06]} g4 {[%emt 0:09:22]} 13. hxg4 $16 {[%emt 0:03:04]} Nxg4 {[%emt 0:16:09]} 14. dxe5 {[%emt 0:15:42]} Rg8 {[%emt 0:08:21]} 15. Qa4 {[%emt 0:23:42]} Nxe5 {[%emt 0:07:44]} 16. Nxe5 {[%emt 0:03:50]} dxe5 {[%emt 0:00:05]} 17. Nf1 {[%emt 0:16:18]} Bf3 {[%emt 0:16:46]} 18. Ng3 {[%emt 0:00:00]} h5 {[%emt 0:00:06]} 19. Re3 {[%emt 0:00:00]} Bg4 {[%emt 0:08:54]} 20. Nf5 {[%emt 0:00:00]} h4 {[%emt 0:07:17]} 21. Rd3 {[%emt 0:00:39]} Qxd3 {[%emt 0:06:20]} 22. Qxc6+ {[%emt 0:00:04]} Qd7 {[%emt 0:00:22]} 23. Qxa8+ {[%emt 0:00:11]} Bd8 {[%emt 0:00:05]} 24. Ne3 {[%emt 0:01:59]} Bf3 {[%emt 0:00:15]} 25. Qd5 {[%emt 0:00:21]} Qxd5 {[%emt 0:00:11]} 26. exd5 {[%emt 0:00:04]} h3 {[%emt 0:00:12]} 27. Bd2 {[%emt 0:00:42]} Bg5 {[%emt 0:03:28]} 28. Re1 {[%emt 0:00:53]} Bxe3 {[%emt 0:01:25]} 29. Rxe3 {[%emt 0:00:32]} Rxg2+ {[%emt 0:00:06]} 30. Kf1 {[%emt 0:00:17]} h2 {[%emt 0:00:55]} 31. Rxe5+ {[%emt 0:00:02]} Kd7 {[%emt 0:00:19]} 32. Rh5 {[%emt 0:00:04]} Rg1# {[%emt 0:00:07]} 0-1

[Event "94th FRA-ch Women 2019"]
[Site "Chartres"]
[Date "2019.08.19"]
[Round "3.1"]
[White "Monpeurt, Cyrielle"]
[Black "Richard, Emma"]
[Result "0-1"]
[WhiteElo "2171"]
[BlackElo "2104"]
[Annotator "NA"]
[PlyCount "60"]
[EventDate "2019.08.17"]
[EventType "tourn"]
[EventCountry "FRA"]
[SourceTitle "playchess.com"]
[Source "ChessBase"]
[SourceQuality "1"]
[TimeControl "40/5400+30:1800+30"]

1. d4 {[%emt 0:00:00]} Nf6 {[%emt 0:00:00]} 2. c4 {[%emt 0:00:00]} e6 {[%emt 0:00:11]} 3. Nf3 {[%emt 0:00:00]} Bb4+ {[%emt 0:00:08]} 4. Bd2 {[%emt 0:00:05]} a5 {[%emt 0:01:02]} 5. g3 {[%emt 0:02:32]} O-O {[%emt 0:04:44]} 6. Bg2 {[%emt 0:01:08]} d5 {[%emt 0:00:20]} 7. Qc2 {[%emt 0:06:04]} Be7 {[%emt 0:09:53]} 8. O-O {[%emt 0:06:07]} Nbd7 {[%emt 0:03:37]} 9. Nc3 {[%emt 0:07:37]} dxc4 {[%emt 0:05:14]} 10. e4 {[%emt 0:03:20]} c6 {[%emt 0:03:04]} 11. a4 {[%emt 0:04:27]} e5 {[%emt 0:04:50]} 12. d5 {[%emt 0:18:07]} Qc7 {[%emt 0:07:03]} 13. Rad1 {[%emt 0:04:34]} Rd8 {[%emt 0:21:50]} 14. dxc6 {[%emt 0:10:18]} bxc6 {[%emt 0:04:07]} 15. Bg5 {[%emt 0:06:00]} h6 {[%emt 0:03:32]} 16. Bxf6 {[%emt 0:01:50]} Bxf6 {[%emt 0:00:05]} 17. Bh3 {[%emt 0:04:01]} Ba6 {[%emt 0:09:31]} 18. Bxd7 {[%emt 0:02:42]} Rxd7 {[%emt 0:00:04]} 19. Rxd7 {[%emt 0:00:05]} Qxd7 {[%emt 0:00:05]} 20. Rd1 {[%emt 0:00:21]} Qc7 {[%emt 0:03:29]} 21. Rd2 {[%emt 0:01:38]} Rb8 {[%emt 0:03:03]} 22. Ne1 {[%emt 0:02:54]} Bc8 {[%emt 0:02:44]} 23. Nd1 {[%emt 0:03:34]} Bg5 {[%emt 0:01:52]} 24. Re2 {[%emt 0:00:04]} Qb6 {[%emt 0:01:20]} 25. h4 {[%emt 0:00:45]} Be7 {[%emt 0:00:31]} 26. Ne3 {[%emt 0:00:47]} Ba6 {[%emt 0:10:41]} 27. Nxc4 {[%emt 0:00:51]} Qb4 {[%emt 0:00:00]} 28. b3 {[%emt 0:02:00]} Qxb3 {[%emt 0:00:00]} 29. Qxb3 {[%emt 0:04:02]} Rxb3 {[%emt 0:00:00]} 30. Rb2 {[%emt 0:00:13]} Bxc4 {[%emt 0:00:00]} 0-1

[Event "94th FRA-ch Women 2019"]
[Site "Chartres"]
[Date "2019.08.19"]
[Round "3.2"]
[White "Milliet, Sophie"]
[Black "Thomas, Anysia"]
[Result "1-0"]
[WhiteElo "2397"]
[BlackElo "2158"]
[Annotator "NA"]
[PlyCount "113"]
[EventDate "2019.08.17"]
[EventType "tourn"]
[EventCountry "FRA"]
[SourceTitle "playchess.com"]
[Source "ChessBase"]
[SourceQuality "1"]
[TimeControl "40/5400+30:1800+30"]

1. e4 {[%emt 0:00:00]} c5 {[%emt 0:00:00]} 2. Nf3 {[%emt 0:00:00]} g6 {[%emt 0:00:00]} 3. c4 {[%emt 0:00:00]} Bg7 {[%emt 0:00:00]} 4. d4 {[%emt 0:00:02]} cxd4 {[%emt 0:00:04]} 5. Nxd4 {[%emt 0:00:04]} Nc6 {[%emt 0:00:06]} 6. Be3 {[%emt 0:00:03]} Qb6 {[%emt 0:00:47]} 7. Nb3 {[%emt 0:03:06]} Qd8 {[%emt 0:00:19]} 8. Qd2 {[%emt 0:00:26]} Nf6 {[%emt 0:00:29]} 9. f3 {[%emt 0:01:03]} d6 {[%emt 0:00:27]} 10. Nc3 {[%emt 0:00:16]} O-O {[%emt 0:00:12]} 11. Rc1 {[%emt 0:08:55]} a5 {[%emt 0:03:43]} 12. Na4 {[%emt 0:21:39]} Nd7 {[%emt 0:00:55]} 13. Be2 {[%emt 0:04:34]} b6 {[%emt 0:09:53]} 14. O-O {[%emt 0:09:16]} Nc5 {[%emt 0:03:46]} 15. Nc3 {[%emt 0:00:10]} Ba6 {[%emt 0:21:48]} 16. Rfd1 {[%emt 0:03:52]} Rc8 {[%emt 0:20:24]} 17. Nd5 {[%emt 0:13:45]} e6 {[%emt 0:13:42]} 18. Nxb6 {[%emt 0:08:01]} Qxb6 {[%emt 0:05:42]} 19. Qxd6 {[%emt 0:00:04]} Be5 {[%emt 0:09:26]} 20. Bxc5 {[%emt 0:01:58]} Bxd6 {[%emt 0:08:17]} 21. Bxb6 {[%emt 0:00:04]} Bf4 {[%emt 0:00:00]} 22. Rb1 {[%emt 0:01:40]} a4 {[%emt 0:00:00]} 23. Nc5 {[%emt 0:05:59]} Be3+ {[%emt 0:00:00]} 24. Kf1 {[%emt 0:00:04]} Ne5 {[%emt 0:00:00]} 25. Nxa6 {[%emt 0:07:54]} Bxb6 {[%emt 0:00:00]} 26. Rbc1 {[%emt 0:00:28]} Bc5 {[%emt 0:01:23]} 27. f4 {[%emt 0:01:53]} Be3 {[%emt 0:00:27]} 28. fxe5 {[%emt 0:00:14]} Bxc1 {[%emt 0:00:05]} 29. Rxc1 {[%emt 0:01:44]} Rfd8 {[%emt 0:00:41]} 30. c5 {[%emt 0:00:30]} Rd2 {[%emt 0:00:30]} 31. c6 {[%emt 0:00:24]} Rxb2 {[%emt 0:00:30]} 32. c7 {[%emt 0:00:30]} Kg7 {[%emt 0:00:30]} 33. Rd1 {[%emt 0:00:30]} Rc2 {[%emt 0:00:30]} 34. a3 {[%emt 0:00:30]} Rc3 {[%emt 0:00:30]} 35. Bb5 {[%emt 0:00:30]} Kh6 {[%emt 0:00:30]} 36. Bxa4 {[%emt 0:00:30]} Kg5 {[%emt 0:00:30]} 37. Bd7 {[%emt 0:00:30]} R8xc7 {[%emt 0:00:30]} 38. Nxc7 {[%emt 0:00:30]} Rxc7 {[%emt 0:00:30]} 39. Bb5 {[%emt 0:00:30]} Kf4 {[%emt 0:00:30]} 40. Re1 {[%emt 0:00:30]} Rc3 {[%emt 0:00:30]} 41. a4 {[%emt 0:30:30]} Ra3 {[%emt 0:30:30]} 42. Kf2 {[%emt 0:00:30]} g5 {[%emt 0:00:30]} 43. Be8 {[%emt 0:07:52]} Kxe5 {[%emt 0:00:00]} 44. Re3 {[%emt 0:00:00]} Ra2+ {[%emt 0:00:00]} 45. Re2 {[%emt 0:00:00]} Ra3 {[%emt 0:00:00]} 46. Ke1 {[%emt 0:00:00]} f6 {[%emt 0:00:00]} 47. Kd2 {[%emt 0:00:00]} Kd4 {[%emt 0:00:00]} 48. Kc1 {[%emt 0:00:00]} Rc3+ {[%emt 0:00:00]} 49. Kb2 {[%emt 0:00:00]} Rc8 {[%emt 0:00:00]} 50. Bb5 {[%emt 0:00:00]} h5 {[%emt 0:05:54]} 51. Kb3 {[%emt 0:00:00]} h4 {[%emt 0:00:30]} 52. a5 {[%emt 0:00:00]} g4 {[%emt 0:00:00]} 53. a6 {[%emt 0:00:00]} f5 {[%emt 0:00:00]} 54. exf5 {[%emt 0:00:00]} exf5 {[%emt 0:00:00]} 55. Ra2 {[%emt 0:00:00]} Ra8 {[%emt 0:00:00]} 56. Bc6 {[%emt 0:00:00]} Ra7 {[%emt 0:00:00]} 57. Kb4 {[%emt 0:00:00]} 1-0

[Event "94th FRA-ch Women 2019"]
[Site "Chartres"]
[Date "2019.08.19"]
[Round "3.3"]
[White "Leconte, Maria"]
[Black "Navrotescu, Andreea-Cristiana"]
[Result "1/2-1/2"]
[WhiteElo "2252"]
[BlackElo "2210"]
[Annotator "NA"]
[PlyCount "115"]
[EventDate "2019.08.17"]
[EventType "tourn"]
[EventCountry "FRA"]
[SourceTitle "playchess.com"]
[Source "ChessBase"]
[SourceQuality "1"]
[TimeControl "40/5400+30:1800+30"]

1. e4 {[%emt 0:00:00]} e6 {[%emt 0:00:00]} 2. d4 {[%emt 0:00:00]} d5 {[%emt 0:00:00]} 3. Nc3 {[%emt 0:00:00]} Bb4 {[%emt 1:31:30]} 4. Nge2 {[%emt 0:00:00]} dxe4 {[%emt 0:00:00]} 5. a3 {[%emt 0:00:01]} Be7 {[%emt 0:00:00]} 6. Nxe4 {[%emt 0:00:06]} Nf6 {[%emt 0:00:00]} 7. Nxf6+ {[%emt 0:00:08]} Bxf6 {[%emt 0:00:00]} 8. Be3 {[%emt 0:00:06]} O-O {[%emt 0:00:00]} 9. Qd2 {[%emt 0:00:10]} c6 {[%emt 0:00:00]} 10. O-O-O {[%emt 0:13:30]} b5 {[%emt 0:00:00]} 11. Ng3 {[%emt 0:00:56]} Nd7 {[%emt 0:00:00]} 12. Nh5 {[%emt 0:02:43]} Be7 {[%emt 0:00:00]} 13. h4 {[%emt 0:03:34]} Re8 {[%emt 0:00:00]} 14. Bd3 {[%emt 0:25:03]} Bf8 {[%emt 0:00:00]} 15. Rh3 {[%emt 0:02:35]} Kh8 {[%emt 0:00:00]} 16. Rg3 {[%emt 0:18:45]} e5 {[%emt 0:00:00]} 17. Bf5 {[%emt 0:02:22]} Nb6 {[%emt 0:00:00]} 18. Bxc8 {[%emt 0:04:37]} Nc4 {[%emt 0:00:00]} 19. Qc3 {[%emt 0:01:00]} Nxe3 {[%emt 0:00:00]} 20. Rxe3 {[%emt 0:00:05]} Rxc8 {[%emt 0:00:00]} 21. dxe5 {[%emt 0:00:38]} Qxh4 {[%emt 0:00:00]} 22. Ng3 {[%emt 0:02:49]} c5 {[%emt 0:00:00]} 23. Re4 {[%emt 0:01:30]} Qh6+ {[%emt 0:00:00]} 24. Qe3 {[%emt 0:02:29]} Qxe3+ {[%emt 0:00:00]} 25. Rxe3 {[%emt 0:00:06]} g6 {[%emt 0:00:00]} 26. Kb1 {[%emt 0:01:32]} Rcd8 {[%emt 0:00:00]} 27. Rxd8 {[%emt 0:02:22]} Rxd8 {[%emt 0:00:00]} 28. Ne4 {[%emt 0:00:15]} Rd1+ {[%emt 0:00:00]} 29. Ka2 {[%emt 0:00:04]} Kg7 {[%emt 0:03:45]} 30. Re2 {[%emt 0:00:27]} h6 {[%emt 0:02:55]} 31. f3 {[%emt 0:02:41]} a6 {[%emt 0:00:43]} 32. a4 {[%emt 0:08:01]} Rd8 {[%emt 0:01:52]} 33. axb5 {[%emt 0:04:29]} axb5 {[%emt 0:05:45]} 34. Rd2 {[%emt 0:00:26]} Rxd2 {[%emt 0:00:00]} 35. Nxd2 {[%emt 0:00:03]} g5 {[%emt 0:00:00]} 36. g4 {[%emt 0:00:13]} Kg6 {[%emt 0:00:00]} 37. c4 {[%emt 0:00:35]} bxc4 {[%emt 0:00:00]} 38. Nxc4 {[%emt 0:00:56]} h5 {[%emt 0:00:00]} 39. gxh5+ {[%emt 0:01:03]} Kxh5 {[%emt 0:00:00]} 40. Kb3 {[%emt 0:01:29]} Kg6 {[%emt 0:00:00]} 41. Ne3 {[%emt 0:16:58]} Bg7 {[%emt 0:00:48]} 42. Kc4 {[%emt 0:01:12]} Bxe5 {[%emt 0:00:12]} 43. Kxc5 {[%emt 0:00:08]} Bxb2 {[%emt 0:00:04]} 44. Kc4 {[%emt 0:01:32]} Bc1 {[%emt 0:01:00]} 45. Nd5 {[%emt 0:02:22]} Kf5 {[%emt 0:00:25]} 46. Kd3 {[%emt 0:00:08]} Ke5 {[%emt 0:00:56]} 47. Nc3 {[%emt 0:00:41]} Kf4 {[%emt 0:01:30]} 48. Ke2 {[%emt 0:00:30]} Kg3 {[%emt 0:02:46]} 49. Ne4+ {[%emt 0:00:27]} Kg2 {[%emt 0:01:02]} 50. Nd6 {[%emt 0:00:42]} f6 {[%emt 0:00:13]} 51. Nf5 {[%emt 0:00:24]} Bf4 {[%emt 0:00:50]} 52. Nh6 {[%emt 0:00:51]} Bc1 {[%emt 0:05:57]} 53. Nf5 {[%emt 0:00:19]} Bd2 {[%emt 0:01:32]} 54. Nd4 {[%emt 0:01:09]} Bf4 {[%emt 0:00:27]} 55. Nf5 {[%emt 0:00:24]} Bc1 {[%emt 0:00:10]} 56. Nd6 {[%emt 0:01:08]} Ba3 {[%emt 0:01:00]} 57. Nf5 {[%emt 0:01:12]} Bc5 {[%emt 0:00:03]} 58. Ng7 {[%emt 0:00:22]} 1/2-1/2

[Event "94th FRA-ch Women 2019"]
[Site "Chartres"]
[Date "2019.08.19"]
[Round "3.4"]
[White "Maisuradze, Nino"]
[Black "Safranska, Anda"]
[Result "1-0"]
[WhiteElo "2203"]
[BlackElo "2128"]
[Annotator "NA"]
[PlyCount "73"]
[EventDate "2019.08.17"]
[EventType "tourn"]
[EventCountry "FRA"]
[SourceTitle "playchess.com"]
[Source "ChessBase"]
[SourceQuality "1"]
[TimeControl "40/5400+30:1800+30"]

1. d4 {[%emt 0:01:25]} d6 {[%emt 0:00:00]} 2. e4 {[%emt 0:00:25]} g6 {[%emt 0:00:00]} 3. Nc3 {[%emt 0:03:30]} a6 {[%emt 0:01:01]} 4. f4 {[%emt 0:01:22]} b5 {[%emt 0:00:23]} 5. Nf3 {[%emt 0:02:39]} Bb7 {[%emt 0:00:25]} 6. Bd3 {[%emt 0:01:17]} Bg7 {[%emt 0:01:04]} 7. Be3 {[%emt 0:01:08]} Nd7 {[%emt 0:00:27]} 8. e5 {[%emt 0:04:17]} e6 {[%emt 0:01:01]} 9. O-O {[%emt 0:10:40]} Ne7 {[%emt 0:02:10]} 10. Qd2 {[%emt 0:02:02]} Nb6 {[%emt 0:04:16]} 11. Qe2 {[%emt 0:10:56]} O-O {[%emt 0:06:20]} 12. Rad1 {[%emt 0:19:39]} Qd7 {[%emt 0:04:11]} 13. Ne4 {[%emt 0:05:58]} Ned5 {[%emt 0:00:40]} 14. Bd2 {[%emt 0:03:57]} f5 {[%emt 0:02:02]} 15. exf6 {[%emt 0:11:13]} Nxf6 {[%emt 0:01:04]} 16. Neg5 {[%emt 0:01:10]} Rae8 {[%emt 0:02:27]} 17. Rde1 {[%emt 0:01:00]} Bc8 {[%emt 0:01:19]} 18. c3 {[%emt 0:00:49]} Nbd5 {[%emt 0:19:18]} 19. Nh4 {[%emt 0:02:01]} Qd8 {[%emt 0:08:37]} 20. Bc2 {[%emt 0:01:55]} c6 {[%emt 0:07:43]} 21. Kh1 {[%emt 0:02:17]} Bd7 {[%emt 0:09:35]} 22. a3 {[%emt 0:05:52]} Bc8 {[%emt 0:12:29]} 23. b3 {[%emt 0:01:43]} Nc7 {[%emt 0:01:18]} 24. c4 {[%emt 0:01:25]} Nd7 {[%emt 0:02:26]} 25. Ba5 {[%emt 0:01:05]} Nf6 {[%emt 0:05:00]} 26. Rf3 {[%emt 0:00:46]} Nh5 {[%emt 0:01:38]} 27. Qe4 {[%emt 0:02:14]} d5 {[%emt 0:01:04]} 28. Qe3 {[%emt 0:00:35]} dxc4 {[%emt 0:00:56]} 29. Bxc7 {[%emt 0:00:10]} Qxc7 {[%emt 0:00:07]} 30. Nxh7 {[%emt 0:00:25]} Rxf4 {[%emt 0:02:54]} 31. Nxg6 {[%emt 0:00:26]} Bxd4 {[%emt 0:00:56]} 32. Qd2 {[%emt 0:00:57]} Rxf3 {[%emt 0:02:15]} 33. gxf3 {[%emt 0:00:35]} Bg7 {[%emt 0:00:49]} 34. Qg5 {[%emt 0:00:22]} cxb3 {[%emt 0:00:10]} 35. Be4 {[%emt 0:00:38]} Qf7 {[%emt 0:00:51]} 36. Qxh5 {[%emt 0:00:11]} b2 {[%emt 0:00:20]} 37. Ng5 {[%emt 0:00:17]} 1-0